| 000 | 00428nam a22001697a 4500 | ||
|---|---|---|---|
| 005 | 20260512135002.0 | ||
| 008 | 160518b xxu||||| |||| 00| 0 eng d | ||
| 020 | _a978-81-203-3203-4 | ||
| 041 | _aeng | ||
| 082 | _a658.5 | ||
| 100 |
_aPanneersel Vam. R. _9760 |
||
| 245 | _aProduction and Operations Management | ||
| 260 |
_aNew Delhi _bPHI learning Pvt. Ltd. _c2005 |
||
| 300 | _a546 | ||
| 650 | _aManagement | ||
| 942 | _cBK | ||
| 999 |
_c1043 _d1043 |
||